00000000nam 2200000za 4500
0019.860090
003CaOODSP
00520250217151240
007cr |||||||||||
008181210s2018    quca    o    f000 0 ||| d
020 |a9780660274805
040 |aCaOODSP|bfre
041 7|aikt|2iso639-3
043 |an-cn---
0861 |aEm4-18/2017Ikt-PDF|zEm4-18/2017Inq-PDF
24500|a[Bon d'études canadien |h[ressource électronique] : |bobtenez 500 $ pour l’avenir de votre enfant].
250 |a[Édition inuinnaqtun].
260 |a[Gatineau, QC] : |bEmploi et développement social Canada, |cc2018.
300 |a[2] p. : |bill. en coul.
500 |aTitre de la couv.
500 |aTitre français fourni par l’éditeur.
500 |aPublié aussi en français sous le titre : Bon d'études canadien : obtenez 500 $ pour l’avenir de votre enfant.
530 |aÉgalement publ. en version imprimée.
546 |aTexte en inuinnaqtun.
69207|2gccst|aEnseignement postsecondaire
69207|2gccst|aSubvention
7101 |aCanada. |bEmploi et développement social Canada.
77508|tBon d'études canadien |w(CaOODSP)9.838789
7760#|tBon d'études canadien : |w(CaOODSP)9.860094
791 |t[Canada Learning Bond |eeng|w(CaOODSP)9.860087
85640|qPDF|s533 Ko|uhttps://publications.gc.ca/collections/collection_2018/edsc-esdc/Em4-18-2017-inq.pdf